Rock Band By Drummer - Statistics

General Stats
  • This quiz has been taken 1,097 times
  • The average score is 11 of 18
Answer Stats
Drummer Band % Correct
Ringo Starr The Beatles
99%
Dave Grohl Nirvana
93%
Mick Fleetwood Fleetwood Mac
92%
Phil Collins Genesis
84%
John Bonham Led Zeppelin
84%
Charlie Watts The Rolling Stones
83%
Keith Moon The Who
82%
Meg White The White Stripes
75%
Neil Peart Rush
61%
Ginger Baker Cream
56%
Larry Mullen Jr. U2
48%
Phil Rudd AC/DC
45%
Bill Ward Black Sabbath
43%
Ian Paice Deep Purple
36%
Mitch Mitchell Jimi Hendrix Experience
30%
Joey Kramer Aerosmith
29%
Levon Helm The Band
22%
Butch Trucks, Jaimoe The Allman Brothers Band
14%
No matching quizzes found
Score Distribution
Percent of People with Each Score
Percentile by Number Answered
Your Score History
You have not taken this quiz